|
|
|
|
| LEADER |
01835nam a2200313 a 4500 |
| 001 |
GR-MES14775 |
| 008 |
070525s2006 gr g b 000 0 gre|c |
| 020 |
|
|
|a 960218468X
|
| 040 |
|
|
|a GrPaTEI
|b gre
|c GR-PaULI
|
| 041 |
0 |
|
|a gre
|h eng
|
| 082 |
|
0 |
|a 808.5
|2 21
|
| 100 |
1 |
|
|a Gardner, Howard,
|d 1943-
|
| 240 |
1 |
0 |
|a Changing minds : the art and science of changing our own and other people's minds.
|l Ελληνικά
|
| 245 |
1 |
0 |
|a Μπορείτε να αλλάξετε τη γνώμη των άλλων και τη δική σας /
|c Howard Gardner ; πρόλογος Δημήτρης Μπουράντας ; μετάφραση Ξενοφών Γιαταγάνας.
|
| 260 |
|
|
|a Αθήνα :
|b Κριτική,
|c 2006.
|
| 300 |
|
|
|a 289 σ. ;
|c 24 εκ.
|
| 490 |
0 |
|
|a Business / Management ;
|v 45
|
| 500 |
|
|
|a Μετάφραση του: Changing minds : the art and science of changing our own and other people's minds.
|
| 504 |
|
|
|a Περιλαμβάνει βιβλιογραφία.
|
| 650 |
|
4 |
|a Αλλαγή (Ψυχολογία)
|
| 650 |
|
4 |
|a Επιρροή (Ψυχολογία)
|
| 650 |
|
4 |
|a Πειθώ (Ψυχολογία)
|
| 700 |
1 |
|
|a Γιαταγάνας, Ξενοφών Α.,
|d 1948-
|e μεταφραστής.
|
| 700 |
1 |
|
|a Μπουραντάς, Δημήτρης Κ
|e συγγραφέας προλόγου.
|
| 942 |
|
|
|2 ddc
|
| 952 |
|
|
|0 0
|1 0
|2 ddc
|4 0
|6 808_500000000000000_GAR
|7 0
|9 272670
|a MSLG
|b MSLG
|c BSC
|d 2021-01-17
|e 24
|f 0
|g 0.00
|l 0
|o 808.5 GAR
|p 2420000023185
|r 2021-01-17 00:00:00
|t 1
|w 2021-01-17
|y BK15
|x 20090213 0 ΤΣΑΝΤΑΡΛΙΩΤΗ 1
|x GrPaTEI
|
| 952 |
|
|
|0 0
|1 0
|2 ddc
|4 0
|6 808_500000000000000_GAR
|7 0
|9 272671
|a MSLG
|b MSLG
|c BSC
|d 2021-01-17
|e 24
|f 0
|g 0.00
|l 0
|o 808.5 GAR
|p 2420000024026
|r 2021-01-17 00:00:00
|t 1
|w 2021-01-17
|y BK15
|x 20140513 0 ΧΑΣΑΝΗ 1
|x GrPaTEI
|
| 971 |
|
|
|a .b25808242
|b 01-10-20
|c 13-09-16
|
| 999 |
|
|
|c 157737
|d 157737
|